000 00638nam a2200181 i 4500
001 182987
003 ES-MaACL
005 20230906221747.0
008 140109s1921 fr |||| | fre d
100 1 _aDumoulin, Georges.
_9154104
245 1 4 _aLes Syndicalistes français et la guerre / Georges Dumoulin.
260 _aParis :
_bÉditions de la Bibliothèque du Travail,
_c1921.
300 _a39 p. ;
_c19 cm.
490 1 _aLes Cahiers du travail ;
_v1re série, 5er cahier, 1er mai 1921
830 0 _aLes Cahiers du travail ;
_v1re série, 5er cahier, 1er mai 1921
_9191855
852 _aES-MaACL
_j1625-F-12
999 _c182987
_d182987